Music Quiz

Random Music or Song Quiz

100 Greatest Songs of All Time Quiz Stats

 Plays Quiz Updated Jul 9, 2014

Support Sporcle.
Go Orange.
Score 0/100 Timer 10:00
0 Plays Today
% Correct
Billie
91.9%
Let
91.9%
Hand
91.6%
Man
91.3%
Jude
91.2%
Stairway
91.2%
California
91.2%
Found
91%
Satisfaction
90.3%
Frutti
90.1%
Breath
89.8%
Fire
88.8%
Rolling
88.5%
Going
88.4%
Through
88.3%
Suede
88%
Walk
88%
Jailhouse
87.8%
Worth
87.6%
Troubled
87.6%
Teen
87.6%
Johnny
87.3%
Light
86.7%
Knows
86.4%
Strawberry
86%
Hound
85.9%
Ring
85.8%
Vibrations
83.9%
Good
83.7%
Run
83.2%
Dock
82.9%
Heartbreak
82.1%
Dreamin'
81.9%
Golly
81.9%
% Correct
Respect
81.4%
Haze
81.3%
Imagine
81.2%
Day
80.7%
Together
80.2%
Blowin'
79.3%
Loving
79%
Life
78.4%
You
77.9%
Doves
77.7%
Dancing
77.5%
Devil
75.7%
Louie
75.5%
Really
75.4%
Yesterday
74.7%
Woman
74.7%
A-changin'
74.6%
Diddley
74.2%
London
74%
Watchtower
73.2%
Georgia
72.4%
Tambourine
72.2%
Love
71.3%
Beethoven
70.7%
Suspicious
70.2%
Girl
70%
My
69.3%
Gimme
68.9%
Baby
68.8%
Generation
68.1%
Crazy
68.1%
Bag
68%
Whiter
67.8%
Deep
66.9%
% Correct
Superstition
66.7%
Anarchy
66%
Girls
65.9%
By
64.9%
Blueberry
64.7%
Fortunate
63.1%
Help
62.9%
Sally
62%
Change
61.6%
Norwegian
61.1%
Say
60.3%
Blitzkrieg
60.3%
Still
58.3%
Tracks
57.5%
Sunshine
57.1%
Shakin'
56.9%
Layla
55.2%
Thunder
53.1%
One
52.5%
Redemption
51.9%
Tangled
49.9%
Crazy
49%
Summertime
47%
Heroes
46.6%
Happiness
45.3%
People
45.1%
Maybellene
44.1%
Sunset
42.5%
Crying
42.2%
Weight
37.1%
Message
35.2%
Mystery
32.3%

You're not logged in!

Compare scores with friends on all Sporcle quizzes.
OR
Log In

From the Vault

Saturday Sudoku V

by KeeshCab

Saturday Sudoku is back, folks.
Remove Ads.
Support Sporcle.
Get the best of Sporcle when you Go Orange. This ad-free experience offers more features, more stats, and more fun while also helping to support Sporcle. Thank you for becoming a member.

Show Comments

Extras

Top Quizzes Today


Score Distribution

Your Account Isn't Verified!

In order to create a playlist on Sporcle, you need to verify the email address you used during registration. Go to your Sporcle Settings to finish the process.

Report this User

Report this user for behavior that violates our Community Guidelines.

Details: